| 000 | 01330cam a2200313 i 4500 | ||
|---|---|---|---|
| 999 |
_c57765 _d57765 |
||
| 001 | 19456966 | ||
| 005 | 20221108163142.0 | ||
| 008 | 170119s2017 enka b 001 0 eng d | ||
| 020 | _a9781473919150 X | ||
| 080 | _a338.48 B-90 | ||
| 100 | 1 |
_aBrunt, Paul, _eauthor. _99717 |
|
| 245 | 1 | 0 |
_aResearch methods in tourism, hospitality & events management / _cPaul Brunt, Susan Horner & Natalie Semley. |
| 264 | 1 |
_aLos Angeles : _bSage Publications, _c2017. |
|
| 300 |
_a344 pages : _billustrations ; _c24 cm. |
||
| 650 | 0 |
_aTourism _xResearch _xMethodology. _99718 |
|
| 650 | 0 |
_aHospitality industry _xResearch. _99719 |
|
| 650 | 0 |
_aSpecial events _xManagement _xResearch. _99720 |
|
| 650 | 7 |
_aHospitality industry _2fast _0(OCoLC)fst00961155 _99721 |
|
| 653 | _aეკონომიკა | ||
| 653 | _aტურიზმი | ||
| 653 | _aსტუმართმოყვარეობის ინდუსტრია | ||
| 653 | _a სპეციალური ღონისძიებები | ||
| 700 | 1 |
_aHorner, Susan, _d _eავტორი _99722 |
|
| 700 | 1 |
_aSemley, Natalie, _eავტორი _99723 |
|
| 776 | 0 | 8 |
_iebook version : _z9781526422262 |
| 942 |
_2udc _cBK |
||
| 955 |
_bre23 2019-12-10 z-processor _ire23 2019-12-10 to CALM |
||
| 955 |
_apc17 2017-01-19 _axn11 2018-02-20 1 copy rec'd., to USASH |
||